| 000 | 01201pam a2200301 a 4500 | ||
|---|---|---|---|
| 001 | 4489456 | ||
| 003 | NUST-PNEC | ||
| 005 | 20170116180737.0 | ||
| 008 | 970624s1998 njua b 001 0 eng | ||
| 010 | _a 97022733 | ||
| 020 | _a0138423784 | ||
| 040 |
_aDLC _cPNEC _dDLC |
||
| 050 | 0 | 0 |
_aQA76.76.O63 _bM7453 1998 |
| 082 | 0 | 0 |
_a005.4469 MOH _221 |
| 100 | 1 | _aMohr, James. | |
| 245 | 1 | 0 |
_aLinux userʾs resource : developer's resource / _cJames Mohr. |
| 246 | 3 | 0 | _aLinux |
| 260 |
_aUpper Saddle River, NJ : _bPrentice Hall PTR, _cc1998. |
||
| 300 |
_axxxv, 795 p. : _bill. ; _c24 cm. |
||
| 440 | 0 | _aPrentice Hall PTR developerʾs resource series | |
| 504 | _aIncludes bibliographical references (p. 767-775) and index. | ||
| 630 | 0 | 0 | _aLinux. |
| 650 | 0 | _aOperating systems (Computers) | |
| 856 | _uhttp://www.amazon.com/Linux-Users-Resource-Prentice-Developers/dp/0138423784/ref=sr_1_1?s=books&ie=UTF8&qid=1417092418&sr=1-1&keywords=0138423784 | ||
| 906 |
_a7 _bcbc _corignew _d1 _eocip _f19 _gy-gencatlg |
||
| 942 |
_2ddc _cBK |
||
| 999 |
_c62021 _d62021 |
||